রবীন্দ্রনাথ ও অন্যান্য ভাবনা / (Record no. 42992)
[ view plain ]
| 000 -LEADER | |
|---|---|
| fixed length control field | 00976nam a2200229 a 4500 |
| 001 - CONTROL NUMBER | |
| control field | 42992 |
| 003 - CONTROL NUMBER IDENTIFIER | |
| rucl marc code | BD-RjUL |
| 005 - DATE AND TIME OF LATEST TRANSACTION | |
| control field | 20211209053628.0 |
| 008 - FIXED-LENGTH DATA ELEMENTS--GENERAL INFORMATION | |
| fixed length control field | 160618s1993 bg ||||| |||| 00| 0 ben d |
| 020 ## - INTERNATIONAL STANDARD BOOK NUMBER | |
| Terms of availability | : Tk. 55.00 |
| 035 ## - SYSTEM CONTROL NUMBER | |
| System control number | (BD-RjUL)43110 |
| 040 ## - CATALOGING SOURCE | |
| Original cataloging agency | BD-RjUL |
| Language of cataloging | ben |
| Transcribing agency | BD-RjUL |
| 041 ## - LANGUAGE CODE | |
| Language code of text/sound track or separate title | ben |
| 082 ## - DEWEY DECIMAL CLASSIFICATION NUMBER | |
| Edition number | 23 |
| Classification number | 891.44409 |
| Author mark and year | RAR 1993 |
| 100 10 - MAIN ENTRY--PERSONAL NAME | |
| Personal name | রহমান, শেখ আতাউর |
| 9 (RLIN) | 132022 |
| 245 10 - TITLE STATEMENT | |
| Title | রবীন্দ্রনাথ ও অন্যান্য ভাবনা / |
| Statement of responsibility, etc. | শেখ আতাউর রহমান |
| 260 ## - PUBLICATION, DISTRIBUTION, ETC. (IMPRINT) | |
| Place of publication, distribution, etc. | বগুড়া : |
| Name of publisher, distributor, etc. | অর্কেস্ট্রাপ্রকাশ, |
| Date of publication, distribution, etc. | ১৯৯৩ |
| 300 ## - PHYSICAL DESCRIPTION | |
| Pagination | [৬], ৭৪ পৃ. ; |
| Size | ২২ সেমি. |
| 600 ## - SUBJECT ADDED ENTRY--PERSONAL NAME | |
| Personal name | ঠাকুর, রবীন্দ্রনাথ |
| Dates associated with a name | ১৮৬১-১৯৪১ |
| General subdivision | সমালোচনা ও ব্যাখ্যা |
| Personal name | Tagore, Rabindranath, |
| Dates associated with a name | 1861-1941 |
| General subdivision | Criticism and interpretation |
| 942 ## - ADDED ENTRY ELEMENTS (KOHA) | |
| Source of classification or shelving scheme | Dewey Decimal Classification |
| Koha item type | Books |
| Lost status | Source of classification or shelving scheme | Damaged status | Not for loan | Collection code | Permanent Location | Current Location | Shelving location | Date acquired | Source of acquisition | Cost, normal purchase price | Total Checkouts | Full call number | Date last seen | Copy number | Koha item type |
|---|---|---|---|---|---|---|---|---|---|---|---|---|---|---|---|
| Dewey Decimal Classification | Non-fiction | Central Library, University of Rajshahi | Central Library, University of Rajshahi | 16/09/1993 | Author | 55.00 | B 891.44409 RAR 1993 | 18/06/2016 | C-2 | Books |